000 00886nam a2200193Ia 4500
008 151121s9999||||xx |||||||||||||| ||und||
082 _a813/नरव
082 _bHNW-74413
100 _a नरवणे अंजली - अनु ( आर्चर जेफ्री)
245 _a"नॉट अ पेनी मोअर, नॉट अ पेनी लेस"
260 _b"मेहता प्रकाशन, पुणे।"
260 _c--
300 _a203
600 _a नरवणे अंजली - अनु ( आर्चर जेफ्री)
630 _a"नॉट अ पेनी मोअर, नॉट अ पेनी लेस"
700 _a नरवणे अंजली - अनु ( आर्चर जेफ्री)
730 _a"नॉट अ पेनी मोअर, नॉट अ पेनी लेस"
942 _cBOOK
999 _c1255863
_d1255860